00835nam a22002297a 450000500170000001000150001702000260003203500130005803700130007108200120008410000190009624501340011526000310024927000680028030000320034850000190038070000180039970000200041794200260043799900190046395201230048220160601105529.0 aENG-115129 a9788120352001c395.00 aEN-98661 bDBAD/PUB a004.165 aDiogenes, Yuri aEnterprise mobility from app management to threat mitigation : cby Yuri Diogenes, Jeff Gilbert [and] Robert Mazzolibbeyond byod aDelhibPHI Learning c2016 aRimjhim House, 111, Patparganj Industrial EstatebDelhie110092 axv,194p. :c24cm(pbk)bill. aIncludes index aGilbert, Jeff aMazzoli, Robert 2ddccENmDIOh004.165 c100037d100037 001040718NFICaDBADbBNd2016-05-23eDBAD/PUBg395.00l0o004.165 DIOpEN-98661r2016-05-23 00:00:00t1v395.00yEN